Estadísticas para Máximos goleadores de la Primera División de España 2013-2014

Haz click aquí para intentar la prueba.

Estadísticas generales

  • Esta prueba ha sido intentada 38 veces
  • La puntuación promedio es 10 de 12

Estadísticas de respuestas

GolesNacionalidadEquipoJugador% Correcto
19ChileF. C. BarcelonaAlexis Sánchez
100%
31PortugalReal Madrid C. F.Cristiano Ronaldo
100%
27Brasil / EspañaAtlético de MadridDiego Costa
100%
15GalesReal Madrid C. F.Gareth Bale
100%
17FranciaReal Madrid C. F.Karim Benzema
100%
28ArgentinaF. C. BarcelonaLionel Messi
100%
16MéxicoReal SociedadCarlos Vela
94%
16FranciaReal SociedadAntoine Griezmann
91%
16EspañaAthletic ClubAritz Aduriz
91%
15EspañaF. C. BarcelonaPedro
88%
15FranciaSevilla F. C.Kévin Gameiro
50%
15EspañaReal ValladolidJavi Guerra
12%

Distribución de puntuación

Porcentaje por número respondido

Porcentaje de gente con cada puntuación

Historial de tus puntuaciones

No has intentado esta prueba.